00253nam a2200109Ia 4500008004100000041000800041082001400049100001600063245003800079260001900117365000700136230303s9999 xx 000 0 und d aeng a671.2 JAI aJAIN (P.L.) aPrinciples of Foundary Technology aNew DelhibTMH cRS